|
|
|
|
| LEADER |
00000cam a2200000 i 4500 |
| 001 |
vtls009743462 |
| 003 |
SK-MaSNL |
| 005 |
20260301130219.0 |
| 008 |
250414s1986 xr a r 100 0 cze |
| 035 |
|
|
|a (SVKBBclas03)vtls000113084
|
| 035 |
|
|
|a urn:nbn:sk:snk-am0080pn
|
| 035 |
|
|
|a 1ADE0A7F-C38C-4C6F-BB2C-3FC177B99883
|
| 040 |
|
|
|a SNK
|b slo
|c SNK
|e AACR2
|
| 041 |
0 |
|
|a cze
|a eng
|
| 044 |
|
|
|a xr
|c CZ
|
| 080 |
|
|
|a 727.1
|2 1981
|
| 080 |
|
|
|a 711.57
|2 1981
|
| 080 |
|
|
|a 371.62
|2 1981
|
| 245 |
0 |
0 |
|a Pohoda prostředí ve školských stavbách
|n 7
|p Dodatek ke sborníku
|c zprac. kol. autorů
|
| 260 |
|
|
|a Praha
|b Dům techniky ČSVTS
|c 1986
|
| 300 |
|
|
|a 43 s.
|b obr.
|c 4°
|
| 546 |
|
|
|a Text aj anglicky
|
| 650 |
0 |
7 |
|a školské budovy
|2 SNKPH
|9 2986
|
| 650 |
0 |
7 |
|a životné prostredie
|2 SNKPH
|9 786
|
| 655 |
|
7 |
|a zborníky konferencií
|2 SNKPH
|9 70153
|
| 710 |
2 |
|
|a Československá vědeckotechnická společnost.
|b Komitét životního prostředí
|4 orm
|9 320675
|
| 852 |
|
|
|a Slovenská národná knižnica
|
| 954 |
|
|
|a odborná, vedecká literatúra pôvodná (slovenská)
|2 lita
|
| 954 |
|
|
|a odborná, vedecká literatúra cudzojazyčná (svetová)
|2 lita
|
| 958 |
|
|
|a OND
|
| 999 |
|
|
|c 744749
|d 746679
|
| 952 |
|
|
|a SNK
|b SNK
|y PREZ
|7 0
|p 17A0970928
|o snkSB 27339/7 dod.
|i snkKIP 1849/87
|0 0
|1 0
|4 0
|d 2014-08-01
|f 1
|l 0
|r 2025-03-31 00:00:00
|w 2026-02-23
|
| 952 |
|
|
|a SNK
|b SNK
|y VYP
|7 0
|p 17A1315228
|o snkSB 27339/7 dod. D1
|i snkKIP 1850/87
|0 0
|1 0
|4 0
|d 2014-08-01
|l 0
|r 2026-02-23 23:12:46
|w 2026-02-23
|